000
00299nam a22001337a 4500
008
171002b xxu||||| |||| 00| 0 eng d
020
_a
2900060911514
041
_a
eng
080
_a
159.2
100
_a
48
101
_a
PSI
245
_a
THE MYTH OF MENTAL ILLNESS
_c
SZASZ, TH.S
942
_2
udc
_c
BK
999
_c
31200
_d
31200